000 00274nam a2200133Ia 4500
100 _aDeitel
250 _a3
942 _cBK
654 _ainternet
245 _aInternet and World Wide Web
260 _bPearson Education
_c2004
082 _a4.6
_bDEI
546 _aENGLISH
999 _c28665
_d28665